| 000 | 00602nam a2200205 i 4500 | ||
|---|---|---|---|
| 001 | 68317 | ||
| 003 | ES-MaACL | ||
| 005 | 20230906170244.0 | ||
| 007 | t| | ||
| 008 | 040617s2000 sp ||||1| spa d | ||
| 020 | _a84-03-40053-5 | ||
| 080 | _a821.134.2-14"19" | ||
| 100 | 1 |
_aEmpaytaz de Croome, Dionisia. _9144064 |
|
| 245 | 1 | 0 |
_aPetirrojo, vida nueva... / _cDionisia Empaytaz de Croome ; prólogo Alan D. Deyermond. |
| 250 | _a[2ª ed.]. | ||
| 260 |
_aMadrid : _bAguilar, _c2000. |
||
| 300 |
_a78 p. ; _c20 cm. |
||
| 700 | 1 |
_aDeyermond, Alan D. _944056 |
|
| 852 |
_aES-MaACL _jL-27957 _bR.133865 |
||
| 999 |
_c68317 _d68317 |
||